Rupaul's Drag Race S04 - Statistics

Estatísticas Gerais
  • Esse quiz foi jogado 6 vezes
  • A pontuação média é 9 de 13
Estatísticas das Respostas
Hint Resposta % Correto
Runner-Up Chad Michaels
83%
6th Dida Ritz
83%
4th Latrice Royale
83%
Runner-Up Phi Phi O'hara
83%
7th Jiggly Caliente
67%
5th Kenya Michaels
67%
1st Sharon Needles
67%
Disqualified Willam
67%
12th Alisa Summers
50%
11th Lashauwn Beyond
50%
9th Madame LaQueer
50%
9th Milan
50%
10th The Princess
50%
Nenhum quiz correspondente encontrado
Distribuição das Pontuações
Porcentagem de Pessoas com Cada Pontuação
Percentil de Números Respondidos
Sua Pontuação Histórica
Você não jogou esse quiz